Normal view
MARC view
Entry Personal Name
001 - CONTROL NUMBER
- control field: 304050
003 - CONTROL NUMBER IDENTIFIER
- control field: OSt
005 - DATE AND TIME OF LATEST TRANSACTION
- control field: 20220926001459.0
008 - FIXED-LENGTH DATA ELEMENTS
- fixed length control field: 220926|| aca||aabn | a|a d
040 ## - CATALOGING SOURCE
- Original cataloging agency: OSt
- Transcribing agency: OSt
100 ## - HEADING--PERSONAL NAME
- Personal name: INDIA, ATOMIC ENERGY (Department of-)
670 ## - SOURCE DATA FOUND
- Source citation: Work cat.: (OSt)601650: INDIA, ATOMIC ENERGY (Department of-) 304049, Public accounts committee 1991-92 , 1992
